000 00737nam a22002657a 4500
001 BR9403598
003 BR-BrBNA
005 20230928094224.0
007 ta
008 230509b bl.||||| |||| 00| 0 por d
040 _aBR-BrBNA
_bpor
_cBiblioteca Nacional de Agricultura
041 _a(Por)
072 _aE71
_b2120
090 _ 2120 BR9403598
100 1 _aNeves, O.R.
110 1 _aInstituto Brasileiro do Cafe, Rio de Janeiro, RJ (Brasil)
_95880
245 1 _aPolitica internacional do cafe: O convenio e o mercado
260 3 _aRio de Janeiro, RJ (Brasil):
_c1984.
300 _a49 p.
650 _aCafe
650 _aComercio Exterior
650 _aImportacao
909 _a202309
_bLucia
_c55
_dLucia Elande
942 _cBK
999 _c49502
_d49502